Den Dolch betreffend : Typologie der Stichwaffen in Ägypten von der prädynastischen Zeit bis zur 3. Zwischenzeit /

Saved in:

Main Author: Petschel, Susanne (Author)

Format: Book

Language: German

Published: Wiesbaden : Harrassowitz Verlag, 2011.

Series: Philippika ; 36.

Subjects:

Tags: Add Tag

No Tags, Be the first to tag this record!

Call Number: DS41 .P28 v.36

LEADER 01257namaa2200313 4500
001 22475
003 OSt
005 20211115081719.0
008 130303s2011 gw a g b 001 0 ger d
952 |0 0  |1 0  |2 lcc  |3 V.36  |4 0  |6 DS0041 P28 V.00036  |7 1  |9 22130  |a ARCE  |b ARCE  |d 2021-11-15  |l 0  |o DS41 .P28 v.36  |p 1007589  |r 2021-11-15 00:00:00  |w 2021-11-15  |y BK 
999 |c 28543  |d 28543 
020 |a 9783447061803 
040 |c ARCE Library 
043 |a f-ua--- 
050 4 |a DS41 .P28 v.36 
100 1 |a Petschel, Susanne,  |e author  |9 37553 
245 1 4 |a Den Dolch betreffend :  |b Typologie der Stichwaffen in Ägypten von der prädynastischen Zeit bis zur 3. Zwischenzeit /  |c Susanne Petschel. 
246 3 0 |a Typologie der Stichwaffen in Ägypten von der prädynastischen Zeit bis zur 3. Zwischenzeit. 
264 1 |a Wiesbaden :   |b Harrassowitz Verlag,   |c 2011. 
300 |a 542 pages :   |b illustrations ;   |c 31 cm. 
490 1 |a Philippika ;   |v 36. 
500 |a Revised version of the author's thesis (doctoral)--Universität Münster, 2008. 
504 |a Includes bibliographical references and index. 
650 0 |a Daggers  |z Egypt.  |9 7882 
650 0 |a Weapons, Ancient  |z Egypt. 
650 0 |a Weapons, Ancient. 
830 0 |a Philippika ;   |v 36. 
901 |a reviewed 
942 |c BK  |2 lcc